000 00494nam a2200181Ia 4500
003 LK-CoDNM
008 010623t2002 xxu||||| |||| 00| 1 sin d
040 _aLK-CoDNM
_dLK-CoDNM
_eLK-CoDNM
041 _asin
080 _a666.64 EDI
100 _aEdirisinghe,Premila.
245 _aමැටි බදුන් පින්තාරුව
246 _aMeti Badun Pintaaruwa
260 _b?
_c2002
300 _b58p,Pl., 22 100: 955-97572-2-9 cm
650 _aHandicraft
942 _cBK
999 _c122234
_d122234